[Event "LSS SC-2010-0-00062"]
[Site "LSS email"]
[Date "2010.06.19"]
[Round "?"]
[White "Henke, Simon"]
[Black "Manheimer, Gunter"]
[Result "0-1"]
[WhiteElo "1491"]
[BlackElo "1746"]
[PlyCount "70"]
[EventDate "2010.05.02"]
[EventType "tourn (corr)"]
[EventRounds "6"]
[EventCountry "GER"]
[SourceTitle "Telechess CBM 141"]
[Source "ChessBase"]
[SourceDate "2011.03.17"]
[SourceVersion "1"]
[SourceVersionDate "2011.03.17"]
[SourceQuality "1"]

1. d4 Nf6 2. Nf3 e6 3. e3 b6 4. Bd3 Bb7 5. Nbd2 c5 6. 0-0 Nc6 7. c3 d5 8. Ne5 Bd6 9. f4 0-0 10. Rf3 Ne7 11. Rh3 h6 12. Qf3 Rc8 13. Qg3 Ne4 14. Qg4 Nf5 15. Qf3 Bxe5 16. dxe5 Bc6 17. Bc2 Qd7 18. Nxe4 dxe4 19. Qf2 Rfd8 20. g4 Ne7 21. c4 b5 22. b3 bxc4 23. bxc4 Ba4 24. Bxe4 Qd1+ 25. Qf1 Bc6 26. Bxc6 Nxc6 27. Ba3 Qa4 28. Bxc5 Nxe5 29. Bd4 Nc6 30. Bc3 Ne7 31. Rh5 Rxc4 32. Ra5 Qc6 33. Bd4 Rc2 34. Rxa7 Ng6 35. Ra6 Qe4 0-1

[Event "LSS SC-2010-0-00062"]
[Site "LSS email"]
[Date "2010.06.19"]
[Round "?"]
[White "Latib, Yunus"]
[Black "Manheimer, Gunter"]
[Result "1/2-1/2"]
[WhiteElo "1778"]
[BlackElo "1743"]
[PlyCount "51"]
[EventDate "2010.05.02"]
[EventType "tourn (corr)"]
[EventRounds "6"]
[EventCountry "GER"]
[SourceTitle "Telechess CBM 141"]
[Source "ChessBase"]
[SourceDate "2011.03.17"]
[SourceVersion "1"]
[SourceVersionDate "2011.03.17"]
[SourceQuality "1"]

1. d4 Nf6 2. c4 e6 3. Nc3 Bb4 4. Qc2 0-0 5. a3 Bxc3+ 6. Qxc3 b6 7. Bg5 Bb7 8. e3 d6 9. Ne2 Nbd7 10. Qc2 e5 11. f3 exd4 12. exd4 d5 13. cxd5 h6 14. Bh4 Re8 15. 0-0-0 Qc8 16. Nc3 Nxd5 17. Nxd5 Bxd5 18. Bd3 c5 19. dxc5 Qb7 20. Bh7+ Kh8 21. Qd2 Nxc5 22. Qxd5 Qxd5 23. Rxd5 Kxh7 24. Re1 Ne6 25. g4 g5 26. Bf2 1/2-1/2

[Event "LSS SC-2010-0-00062"]
[Site "LSS email"]
[Date "2010.06.19"]
[Round "?"]
[White "Manheimer, Gunter"]
[Black "Basson, Heinrich"]
[Result "1-0"]
[WhiteElo "1763"]
[BlackElo "1614"]
[PlyCount "43"]
[EventDate "2010.05.02"]
[EventType "tourn (corr)"]
[EventRounds "6"]
[EventCountry "GER"]
[SourceTitle "Telechess CBM 141"]
[Source "ChessBase"]
[SourceDate "2011.03.17"]
[SourceVersion "1"]
[SourceVersionDate "2011.03.17"]
[SourceQuality "1"]

1. d4 d5 2. c4 c6 3. Nf3 Nf6 4. Nc3 Bf5 5. cxd5 cxd5 6. Qb3 Qb6 7. Qxb6 axb6 8. e3 e6 9. Bb5+ Nbd7 10. Bd2 Bd6 11. Nh4 Bg6 12. f3 Bb4 13. Kf2 Be7 14. Nxg6 hxg6 15. h3 0-0 16. Na4 Bd6 17. g4 Rad8 18. Rac1 g5 19. Kg2 Rfe8 20. h4 gxh4 21. g5 Nh7 22. Rxh4 1-0